| 000 | 00487nam a22001577a 4500 | ||
|---|---|---|---|
| 003 | 0 | ||
| 005 | 20220817132314.0 | ||
| 008 | 220816b xxu||||| |||| 00| 0 eng d | ||
| 020 | _a978-1-4739-0215-2 | ||
| 050 |
_aBF204.6 _b.Z45 2020 |
||
| 245 |
_aPositive psychology: the science of well-being _cJohn M. Zelenski |
||
| 260 |
_aLos Angeles _bSage _cC2020 |
||
| 300 |
_axiii,377pp. _c23cm _eIncludes references, glossary and index. _fBook |
||
| 500 | _aPositive psychology. | ||
| 942 |
_2lcc _cBK |
||
| 999 |
_c364787 _d364787 |
||